UNRAVELLING THE EMPLOYABILITY PARADIGM FOR COMMERCE AND MANAGEMENT STUDENTS ALUMNI AND TEACHERS PERSPECTIVES ON THE ROLE OF SKILLS AND EDUCATION (Record no. 33247)
[ view plain ]
| 000 -LEADER | |
|---|---|
| fixed length control field | 00405nam a22001337a 4500 |
| 003 - CONTROL NUMBER IDENTIFIER | |
| control field | SGT |
| 082 ## - DEWEY DECIMAL CLASSIFICATION NUMBER | |
| Classification number | 378.1 |
| Item number | YAD |
| 100 ## - MAIN ENTRY--PERSONAL NAME | |
| Personal name | YADAV KIRAN |
| 245 ## - TITLE STATEMENT | |
| Title | UNRAVELLING THE EMPLOYABILITY PARADIGM FOR COMMERCE AND MANAGEMENT STUDENTS ALUMNI AND TEACHERS PERSPECTIVES ON THE ROLE OF SKILLS AND EDUCATION |
| 260 ## - PUBLICATION, DISTRIBUTION, ETC. (IMPRINT) | |
| Place of publication, distribution, etc | SGT UNIVERSITY |
| Name of publisher, distributor, etc | FCAM |
| Year of Publication | 2024 |
| 300 ## - PAGE DESCRIPTION | |
| No. of Pages | 184 |
| 650 ## - SUBJECT ADDED ENTRY--TOPICAL TERM | |
| Topical term or geographic name as entry element | MANAGEMENT |
| 942 ## - ADDED ENTRY ELEMENTS (KOHA) | |
| Source of classification or shelving scheme | Dewey Decimal Classification |
| Koha item type | Thesis/Dissertation |
| Withdrawn status | Lost status | Source of classification or shelving scheme | Damaged status | Not for loan | Collection code | Home library | Current library | Date acquired | Total Checkouts | Full call number | Accession No. (Barcode) | Date last seen | Bill Date | Koha item type |
|---|---|---|---|---|---|---|---|---|---|---|---|---|---|---|
| Dewey Decimal Classification | Not For Loan | COMMERCE MANAGEMENT | SGT Science & Social Sciences Library | SGT Science & Social Sciences Library | 01/01/2026 | 378.1 YAD | DT2494 | 01/01/2026 | 01/01/2026 | Thesis/Dissertation | ||||
| Dewey Decimal Classification | Not For Loan | COMMERCE MANAGEMENT | SGT Science & Social Sciences Library | SGT Science & Social Sciences Library | 01/01/2026 | 378.1 YAD | DT2495 | 01/01/2026 | 01/01/2026 | Thesis/Dissertation | ||||
| Dewey Decimal Classification | Not For Loan | COMMERCE MANAGEMENT | SGT Science & Social Sciences Library | SGT Science & Social Sciences Library | 01/01/2026 | 378.1 YAD | DT2496 | 01/01/2026 | 01/01/2026 | Thesis/Dissertation | ||||
| Dewey Decimal Classification | Not For Loan | COMMERCE MANAGEMENT | SGT Science & Social Sciences Library | SGT Science & Social Sciences Library | 01/01/2026 | 378.1 YAD | DT2497 | 01/01/2026 | 01/01/2026 | Thesis/Dissertation |